Top 39 Biggest Cities in Rhode Island - Statistics

General Stats
  • This quiz has been taken 671 times
    188 since last reset
  • The average score is 17 of 39
Answer Stats
# City Population % Correct
1 Providence 190,934
98%
14 Newport 25,163
87%
5 East Providence 47,139
78%
3 Warwick 82,823
78%
4 Pawtucket 75,604
76%
2 Cranston 82,934
72%
9 North Providence 34,114
72%
6 Woonsocket 43,240
61%
18 Bristol 22,493
51%
11 West Warwick 31,012
51%
16 Central Falls 22,583
50%
15 Westerly 23,359
50%
13 North Kingstown 27,732
48%
10 South Kingstown 31,931
48%
8 Coventry 35,688
44%
25 Narragansett 14,532
41%
19 Smithfield 22,118
41%
7 Cumberland 36,405
40%
26 East Greenwich 14,312
38%
30 Glocester 9,974
35%
12 Johnston 29,568
35%
34 West Greenwich 6,528
35%
24 Burrillville 16,158
33%
33 Charlestown 7,997
33%
17 Lincoln 22,529
33%
28 Warren 11,147
33%
23 Tiverton 16,359
32%
21 Barrington 17,153
30%
27 North Smithfield 12,588
30%
20 Portsmouth 17,871
30%
29 Scituate 10,384
30%
37 Foster 4,469
28%
32 Richmond 8,020
28%
31 Hopkinton 8,398
27%
36 Jamestown 5,559
27%
35 Exeter 6,460
24%
38 Little Compton 3,616
24%
22 Middletown 17,075
24%
39 New Shoreham 1,410
20%
No matching quizzes found
Score Distribution
Percent of People with Each Score
Percentile by Number Answered
Your Score History
You have not taken this quiz since the last reset